00443 2200169 4500001002100000008004100021035002000062245004600082100001600128260004200144300001200186020002100198084001600219082000800235650001200243990001800255INLIS000000000000857 ind  a0010-0724000857 aApakah Pemanasan Global Itu?cEdi Warsidi aEdi Warsidi aJakarta TimurbCV. Rizky Adityac2009 a60 hlm. a978-979-183-9815 a577.2 EDI a a577 aEkologi aP29/CP/24/857